| 000 | 01175nas a2200373 4500 | ||
|---|---|---|---|
| 001 | BR2013005238 | ||
| 003 | BR-BrBNA | ||
| 005 | 20231205122603.0 | ||
| 007 | ta | ||
| 008 | 230509b bl.|||p| |||| 00| 00por d | ||
| 040 |
_aBR-BrBNA _bpor _cBiblioteca Nacional de Agricultura |
||
| 041 | _a(Pt) | ||
| 072 | _aK50 | ||
| 100 | 1 | _aIwakiri, S. | |
| 100 | 1 | _aMatos, J.L.M. de | |
| 100 | 1 | _aFerreira, E. da S. | |
| 100 | 1 | _aPrata, J.G. | |
| 100 | 1 | _aTrianoski, R. | |
| 100 | 1 | _a | |
| 100 | 1 | _a | |
| 100 | 1 | _a | |
| 245 | 1 | _aProdução de painéis compensados estruturais com diferentes composições de lâminas de Eucalyptus saligna e Pinus caribaea | |
| 246 | 1 | _aProduction of plywood with different composition from Eucalyptus saligna and Pinus caribaea | |
| 650 | _aEUCALIPTO | ||
| 650 | _aEUCALYPTUS SALIGNA | ||
| 650 | _aPINUS CARIBAEA | ||
| 650 | _aPINHEIRO | ||
| 650 | _aCOMPENSADO | ||
| 650 | _a | ||
| 773 | 0 |
_tRevista Árvore (Brazil) _xISSN 0100-6762 _g(May-Jun 2012), v. 36(3) p. 569-576 _wBR2013005238 |
|
| 856 | 4 | 0 | _uhttp://www.scielo.br/pdf/rarv/v36n3/v36n3a19.pdf |
| 909 |
_a202311 _bLúcia _c55 _dLúcia Elande |
||
| 942 |
_2AGRIS _n0 _cANA |
||
| 999 |
_c229431 _d229431 |
||